| 000 | 00873 a2200313 4500 | ||
|---|---|---|---|
| 001 | 107788 | ||
| 020 | _a9780329068301 | ||
| 020 | _a9780843178135 | ||
| 020 | _a9781415538302 | ||
| 041 | _apor | ||
| 090 | _aSK [E] HAR | ||
| 250 | _aRev. ed. | ||
| 300 | _a[32] p. | ||
| 490 | _aHargreaves, Roger, 1934-1988. Little Miss series | ||
| 697 | _aHumorous fiction. | ||
| 697 | _aBehavior - Fiction. | ||
| 697 | _aCuriosity | ||
| 697 | _aHuman behavior | ||
| 697 | _aCuriosity - Fiction. | ||
| 697 | _aHumorous stories. | ||
| 697 | _aHuman behavior - Fiction. | ||
| 830 | _aHargreaves, Roger, 1934-1988. Little Miss series | ||
| 856 | _u000014/000014e9.jpg | ||
| 040 |
_aBR-BrIDEA _cBR-BrIDEA |
||
| 100 |
_aHargreaves, Roger _d1934-1988 |
||
| 245 | 1 | 0 |
_aLittle Miss Curious _c Roge Hargreaves |
| 260 |
_aNew York _bPrice Stern Sloan _c1997 |
||
| 942 | _cBK | ||
| 999 |
_c107788 _d107788 |
||